Estatísticas para Municípios da Região Metropolitana do Vale do Paraíba (SP) no mapa

Clique aqui para jogar o quiz

Estatísticas Gerais

  • Esse quiz foi jogado 306 vezes
  • A pontuação média é 28 de 39

Respostas no mapa

Respostas codificadas por cores de uma escala verde-vermelha no mapa do quiz de acordo com a % correta abaixo.
 

Estatísticas das Respostas

Município% Correto
São José dos Campos
97%
Taubaté
97%
Ubatuba
96%
Ilhabela
93%
Caraguatatuba
92%
São Sebastião
92%
Aparecida
91%
Campos do Jordão
87%
Guaratinguetá
87%
Pindamonhangaba
87%
Lorena
84%
Jacareí
83%
Cunha
82%
Bananal
78%
Tremembé
77%
Cruzeiro
76%
Caçapava
75%
São Bento do Sapucaí
72%
Queluz
70%
Roseira
69%
Santo Antônio do Pinhal
69%
Monteiro Lobato
68%
São Luiz do Paraitinga
68%
Natividade da Serra
65%
Areias
64%
Cachoeira Paulista
64%
Paraibuna
62%
Santa Branca
61%
Lavrinhas
57%
Silveiras
57%
Canas
55%
Jambeiro
55%
Piquete
55%
Potim
55%
São José do Barreiro
53%
Redenção da Serra
52%
Igaratá
49%
Lagoinha
49%
Arapeí
46%

Distribuição das Pontuações

Percentil de Números Respondidos

Porcentagem de Pessoas com Cada Pontuação

Sua Pontuação Histórica

Você não jogou esse quiz